[Event "OLNW 1718 SF Hannover - SV Werder Breme"]
[Site "?"]
[Date "2018.03.18"]
[Round "8.2"]
[White "Ackermann, Dennie"]
[Black "Buchal, Stephan"]
[Result "1/2-1/2"]
[WhiteElo "2155"]
[BlackElo "2310"]
[PlyCount "44"]
[EventDate "2018.??.??"]

1. d4 g6 2. e4 Bg7 3. Nc3 d6 4. f4 Nf6 5. Nf3 c5 6. Bb5+ Bd7 7. e5 Ng4 8. Bxd7+
Qxd7 9. h3 cxd4 10. Qxd4 Nh6 11. g4 f6 12. exd6 Nc6 13. Qe3 O-O 14. Bd2 Qxd6
15. O-O-O Rae8 16. Be1 Qb8 17. Bg3 Nf7 18. Ne4 Rd8 19. Nc5 Rxd1+ 20. Rxd1 Rd8
21. Re1 Qc8 22. a3 e5 {(=)} 1/2-1/2

[Event "OLNW 1718 SF Hannover - SV Werder Breme"]
[Site "?"]
[Date "2018.03.18"]
[Round "8.3"]
[White "Steffens, Olaf"]
[Black "Boehm, Juergen"]
[Result "0-1"]
[WhiteElo "2252"]
[BlackElo "2176"]
[PlyCount "82"]
[EventDate "2018.??.??"]

1. b4 e5 2. a3 d5 3. Bb2 Bd6 4. c4 dxc4 5. e3 Be6 6. Qc2 b5 7. d3 cxd3 8. Bxd3
a6 9. f4 Nd7 10. Nf3 c5 11. fxe5 Be7 12. O-O Rc8 13. Nc3 Nh6 14. Be4 cxb4 15.
axb4 Qb6 16. Nd4 O-O 17. Bxh7+ Kh8 18. Bf5 Nxf5 19. Nxf5 Bxb4 20. Qe4 Rc4 21.
Qf3 Bxf5 22. Nd5 Qe6 23. Nxb4 Rxb4 24. Ba3 Bg4 25. Qg3 Rc4 26. Bxf8 Nxf8 27. h3
Bh5 28. Qg5 Bg6 29. Rad1 Rc8 30. Rd6 Qc4 31. Rd4 Qc5 32. Rd6 Kg8 33. h4 Re8 34.
Rxg6 fxg6 35. h5 Qxe5 36. Rxf8+ Kxf8 37. Qxg6 Qxe3+ 38. Kh2 Qf4+ 39. g3 Re2+
40. Kh3 Re3 41. Kh2 Qxg3+ 0-1

[Event "OLNW 1718 SF Hannover - SV Werder Breme"]
[Site "?"]
[Date "2018.03.18"]
[Round "8.6"]
[White "Liebau, Andreas"]
[Black "Pollmann, Sascha"]
[Result "1/2-1/2"]
[WhiteElo "2211"]
[BlackElo "2110"]
[PlyCount "136"]
[EventDate "2018.??.??"]

1. d4 e6 2. Nf3 f5 3. Bg5 Nf6 4. Nbd2 d5 5. e3 Be7 6. Ne5 O-O 7. Bd3 Nbd7 8.
Bxf6 Bxf6 9. Nxd7 Bxd7 10. f4 Be8 11. c3 Qe7 12. O-O Kh8 13. Kh1 Rg8 14. Rg1 g5
15. g3 g4 16. Kg2 h5 17. b4 Rg6 18. Kf2 h4 19. a4 Rh6 20. Nf1 Bd7 21. a5 Kg7
22. Ke2 Qe8 23. Kd2 Bb5 24. Bxb5 Qxb5 25. Qe2 Qd7 26. h3 Kf7 27. hxg4 fxg4 28.
gxh4 Rxh4 29. Rxg4 Rxg4 30. Qxg4 Rg8 31. Qh5+ Ke7 32. Qe2 Kd8 33. Nh2 Qh7 34.
Nf3 Rg3 35. Rg1 Rxg1 36. Nxg1 Qb1 37. Qd1 Qe4 38. Nf3 b6 39. axb6 axb6 40. b5
Kc8 41. Ke2 Qg6 42. Kf2 Qh7 43. Ke2 Qg6 44. Kd2 Qg2+ 45. Qe2 Qg6 46. Kc1 Be7
47. Kb2 Bf6 48. Ne1 Be7 49. Nd3 Bd6 50. Ne1 Kb7 51. Qg2 Qe8 52. Qe2 Qa8 53. Nc2
Qe8 54. Qd3 Qh5 55. Qf1 Qe8 56. Kb3 Be7 57. c4 c6 58. bxc6+ Qxc6 59. Qd3 Qd7
60. e4 Bd6 61. exd5 exd5 62. Qf3 Qc6 63. Qxd5 Qxd5 64. cxd5 Bxf4 65. Nb4 Kc7
66. Kc4 Bd2 67. Nd3 Kd6 68. Nf2 b5+ 1/2-1/2

[Event "OLNW 1718 SF Hannover - SV Werder Breme"]
[Site "?"]
[Date "2018.03.18"]
[Round "8.7"]
[White "Franke, Reiner"]
[Black "Herrmann, Andreas"]
[Result "0-1"]
[WhiteElo "2274"]
[BlackElo "2142"]
[PlyCount "136"]
[EventDate "2018.??.??"]

1. Nf3 Nf6 2. c4 e6 3. g3 b6 4. Bg2 Bb7 5. O-O Be7 6. b3 O-O 7. Bb2 d6 8. d3 c5
9. e3 Qc7 10. Qe2 Re8 11. Nc3 a6 12. Rac1 Nbd7 13. e4 e5 14. Nh4 Nf8 15. Bh3
Ne6 16. Bxe6 fxe6 17. Rce1 Nd7 18. Ng2 Bf6 19. Ne3 Rf8 20. Ng4 Rae8 21. Qd2 Bd8
22. Bc1 Nb8 23. Qd1 Nc6 24. f4 exf4 25. Bxf4 Nd4 26. Ne2 e5 27. Nxd4 cxd4 28.
Bc1 Bc8 29. Rxf8+ Rxf8 30. Rf1 Rxf1+ 31. Kxf1 Qf7+ 32. Nf2 b5 33. cxb5 axb5 34.
Qc2 Bd7 35. Kg2 h5 36. h4 Qg6 37. Kh2 Qe6 38. Qe2 Qg6 39. Bd2 Bc6 40. Bb4 Bb6
41. a4 Bc5 42. Qc2 Qf7 43. Kg2 Qa7 44. a5 Bd7 45. Bd2 Qb8 46. b4 Ba7 47. Qb3+
Kf8 48. Bg5 Qc8 49. Qd1 Qe8 50. g4 hxg4 51. Nxg4 Qe6 52. Kg3 d5 53. Qf3+ Kg8
54. exd5 Qe8 55. Nf2 Bb8 56. Ne4 Qc8 57. Be7 Bf5 58. d6 Bd7 59. Nc5 Bc6 60. Qg4
Qe8 61. Qe6+ Qf7 62. Qxf7+ Kxf7 63. Kg4 Ba7 64. Bg5 Bxc5 65. bxc5 b4 66. Kf5 b3
67. Bc1 e4 68. d7 Ke7 0-1

[Event "OLNW 1718 SF Hannover - SV Werder Breme"]
[Site "?"]
[Date "2018.03.18"]
[Round "8.8"]
[White "Koelle, Arthur"]
[Black "Heldt, Nils-Lennart"]
[Result "1/2-1/2"]
[WhiteElo "2204"]
[BlackElo "2094"]
[PlyCount "65"]
[EventDate "2018.??.??"]

1. e4 e5 2. Nf3 Nc6 3. Bc4 Bc5 4. d3 Nf6 5. c3 a6 6. Bb3 d6 7. h3 Ba7 8. Nbd2
h6 9. Nf1 Qe7 10. Ng3 g6 11. Qe2 Be6 12. Be3 Bxe3 13. Qxe3 d5 14. Ba4 b5 15.
Bc2 d4 16. Qd2 Nd7 17. a4 b4 18. O-O dxc3 19. bxc3 Qc5 20. cxb4 Qxb4 21. Qc1
Qd6 22. Rb1 Kf8 23. Rd1 Kg7 24. Bb3 Nc5 25. Bxe6 Nxe6 26. Qc4 Rhd8 27. Ne2 Ncd4
28. Nfxd4 Nxd4 29. Nxd4 Qxd4 30. Rb4 c5 31. Qxd4 Rxd4 32. Rxd4 cxd4 33. Rc1
1/2-1/2

[Event "OLNW 1718 Hamelner SV - SC Tempo Götti"]
[Site "?"]
[Date "2018.03.18"]
[Round "8.1"]
[White "Petzold, Golo"]
[Black "Bode, Wilfried"]
[Result "1/2-1/2"]
[WhiteElo "2268"]
[BlackElo "2349"]
[PlyCount "38"]
[EventDate "2018.??.??"]

1. d4 Nf6 2. Nf3 e6 3. c4 Bb4+ 4. Bd2 a5 5. g3 b6 6. Bg2 Bb7 7. O-O O-O 8. Nc3
d6 9. b3 Nbd7 10. a3 Bxc3 11. Bxc3 Be4 12. b4 axb4 13. axb4 Rxa1 14. Qxa1 b5
15. c5 Qa8 16. Qb2 Qb7 17. Ra1 Ra8 18. Rxa8+ Qxa8 19. Bf1 Bxf3 1/2-1/2

[Event "OLNW 1718 Hamelner SV - SC Tempo Götti"]
[Site "?"]
[Date "2018.03.18"]
[Round "8.2"]
[White "Tonndorf, Matthias"]
[Black "Schmidt, Alexander"]
[Result "0-1"]
[WhiteElo "2229"]
[BlackElo "2105"]
[PlyCount "102"]
[EventDate "2018.??.??"]

1. d4 Nf6 2. Nc3 d5 3. Bg5 e6 4. e4 dxe4 5. Nxe4 Be7 6. Bxf6 gxf6 7. Nf3 c6 8.
Qd2 Nd7 9. g3 f5 10. Nc3 Bf6 11. Bg2 O-O 12. O-O Bg7 13. Rad1 Qc7 14. Ne2 Nf6
15. c4 Rd8 16. Qc2 Bd7 17. Nc3 Rac8 18. Rfe1 Be8 19. a3 a5 20. Qb3 b5 21. cxb5
cxb5 22. Nxb5 Qc2 23. Qxc2 Rxc2 24. a4 Rxb2 25. Rb1 Rb4 26. Rxb4 axb4 27. Rb1
Bf8 28. Ne5 Ne4 29. Rc1 Rb8 30. Nc6 Rb6 31. Bxe4 fxe4 32. Nca7 Kg7 33. Kf1 f6
34. Ke2 Bg6 35. Rc7+ Kh6 36. Rc8 Kg7 37. Rc7+ Kg8 38. a5 Ra6 39. Nc6 Be8 40.
Nba7 b3 41. Kd2 b2 42. Kc2 Ba3 43. Kb1 e3 44. Ne7+ Bxe7 45. fxe3 Ba3 46. Rc8
Kf7 47. Rc3 Rxa5 48. Nc8 Kg7 49. e4 Bg6 50. Re3 e5 51. d5 Bc5 0-1

[Event "OLNW 1718 Hamelner SV - SC Tempo Götti"]
[Site "?"]
[Date "2018.03.18"]
[Round "8.3"]
[White "Seemann, Semjon"]
[Black "van Son, Lutz"]
[Result "1/2-1/2"]
[WhiteElo "2091"]
[BlackElo "2172"]
[PlyCount "26"]
[EventDate "2018.??.??"]

1. e4 e6 2. d4 d5 3. exd5 exd5 4. c4 Nf6 5. Nc3 Be7 6. Nf3 O-O 7. Be2 c6 8. h3
dxc4 9. Bxc4 Nbd7 10. O-O Nb6 11. Bd3 Be6 12. Re1 Re8 13. Bf4 Bc4 {(=)} 1/2-1/2

[Event "OLNW 1718 Hamelner SV - SC Tempo Götti"]
[Site "?"]
[Date "2018.03.18"]
[Round "8.4"]
[White "Renner, Kai"]
[Black "Liebig, Stefan"]
[Result "1-0"]
[WhiteElo "2151"]
[BlackElo "2098"]
[PlyCount "117"]
[EventDate "2018.??.??"]

1. e4 d5 2. exd5 Qxd5 3. Nc3 Qd6 4. d4 g6 5. Nf3 Bg7 6. Be2 Nf6 7. O-O O-O 8.
h3 a6 9. Be3 b5 10. Ng5 Bb7 11. Bf3 Bxf3 12. Qxf3 Nc6 13. Rad1 Nb4 14. Nce4
Nxe4 15. Nxe4 Qd8 16. c3 Nd5 17. Rc1 Nb6 18. b3 c6 19. c4 a5 20. Nc5 Qd6 21.
Bf4 Qf6 22. Qe3 Rfe8 23. Bc7 Nc8 24. Qe4 bxc4 25. bxc4 Nd6 26. Qxc6 Rac8 27.
Nd7 Qf5 28. Nb6 Ne4 29. f3 Ng3 30. Nxc8 Rxc8 31. Kf2 Bh6 32. Qd5 Bxc1 33. Rxc1
Qxd5 34. cxd5 Nf5 35. Bf4 Rxc1 36. Bxc1 Nxd4 37. Ke3 Nc2+ 38. Ke4 f5+ 39. Ke5
a4 40. Ke6 Kf8 41. Bg5 Ke8 42. Bxe7 Nd4+ 43. Kf6 Ne2 44. Bd6 Kd7 45. Be5 Nc1
46. a3 Nd3 47. f4 Ne1 48. Kg7 Nxg2 49. Kxh7 Nh4 50. Kg7 Nf3 51. Kf6 Ng1 52.
Kxg6 Nxh3 53. Kxf5 Nf2 54. Bd4 Nd3 55. Ke4 Ne1 56. Bc5 Ng2 57. f5 Nh4 58. Bf2
Ng2 59. Kf3 1-0

[Event "OLNW 1718 Hamelner SV - SC Tempo Götti"]
[Site "?"]
[Date "2018.03.18"]
[Round "8.5"]
[White "Markgraf, Stefan"]
[Black "Schmidt, Dennis"]
[Result "1/2-1/2"]
[WhiteElo "2071"]
[BlackElo "2038"]
[PlyCount "28"]
[EventDate "2018.??.??"]

1. e4 c5 2. c3 Nf6 3. e5 Nd5 4. Bc4 Nb6 5. Bb3 Nc6 6. Nf3 d6 7. exd6 e6 8. d4
cxd4 9. Nxd4 Nxd4 10. Qxd4 Qxd6 11. Be3 Bd7 12. O-O Bc6 13. Nd2 Qxd4 14. Bxd4
Nd7 {(=)} 1/2-1/2

[Event "OLNW 1718 Hamelner SV - SC Tempo Götti"]
[Site "?"]
[Date "2018.03.18"]
[Round "8.6"]
[White "David, Adrian"]
[Black "Petzold, Lutz Lukas"]
[Result "1/2-1/2"]
[WhiteElo "2250"]
[BlackElo "2249"]
[PlyCount "119"]
[EventDate "2018.??.??"]

1. Nf3 Nf6 2. c4 g6 3. Nc3 d5 4. cxd5 Nxd5 5. e4 Nxc3 6. dxc3 Qxd1+ 7. Kxd1 Bg7
8. Bf4 c6 9. Bc4 Bg4 10. Kc2 Bxf3 11. gxf3 Nd7 12. Rad1 Ne5 13. Be2 Rd8 14. Be3
b6 15. a4 O-O 16. f4 Nd7 17. e5 Bh6 18. b4 Nb8 19. h4 Rxd1 20. Rxd1 Rc8 21. Bg4
e6 22. h5 Bf8 23. hxg6 hxg6 24. Bf3 Be7 25. Ra1 Rc7 26. a5 b5 27. Rd1 Kf8 28.
Kb3 Rb7 29. Be4 Kg7 30. Rd2 Kf8 31. Rd4 Ke8 32. c4 bxc4+ 33. Rxc4 Kd7 34. Ka4
Kd8 35. Rd4+ Kc7 36. Bd3 c5 37. bxc5 Nc6 38. Rc4 Rb2 39. Ka3 Rb5 40. Ra4 Bxc5+
41. Ka2 Rb4 42. Ra3 Bd4 43. Rb3 Bxe3 44. fxe3 Rxb3 45. Kxb3 Nxa5+ 46. Kb4 Kb6
47. Bb5 Nc6+ 48. Kc4 g5 49. Ba4 g4 50. Kd3 Kc5 51. Ke2 a5 52. Kf2 Ne7 53. Be8
Kd5 54. Kg3 Nf5+ 55. Kxg4 Nxe3+ 56. Kg5 Nf5 57. Kf6 Ke4 58. Bxf7 Kxf4 59. Bxe6
Nd4 60. Ba2 1/2-1/2

[Event "OLNW 1718 Hamelner SV - SC Tempo Götti"]
[Site "?"]
[Date "2018.03.18"]
[Round "8.7"]
[White "Karwatt, Lothar"]
[Black "Gerstmann, Frank"]
[Result "1/2-1/2"]
[WhiteElo "2080"]
[BlackElo "2144"]
[PlyCount "55"]
[EventDate "2018.??.??"]

1. d4 Nf6 2. c4 g6 3. Nc3 Bg7 4. e4 d6 5. f4 O-O 6. Nf3 c5 7. d5 e6 8. Be2 exd5
9. cxd5 Re8 10. e5 dxe5 11. fxe5 Ng4 12. e6 fxe6 13. O-O exd5 14. Nxd5 Be6 15.
Bc4 Nc6 16. Bg5 Qc8 17. Qd2 b5 18. Bxb5 Rb8 19. Bxc6 Qxc6 20. Ne7+ Rxe7 21.
Bxe7 Bd5 22. Rad1 Bxf3 23. Rxf3 Bd4+ 24. Kh1 Qc7 25. Qf4 Qxf4 26. Rxf4 Nf2+ 27.
Rxf2 Bxf2 28. Bf6 1/2-1/2

[Event "OLNW 1718 Hamelner SV - SC Tempo Götti"]
[Site "?"]
[Date "2018.03.18"]
[Round "8.8"]
[White "Helmer, Jan"]
[Black "Loehnhardt, Benjamin"]
[Result "0-1"]
[WhiteElo "1913"]
[BlackElo "2017"]
[PlyCount "70"]
[EventDate "2018.??.??"]

1. d4 d5 2. Nf3 Nf6 3. c4 e6 4. Nc3 Be7 5. Bg5 O-O 6. e3 c6 7. Bd3 dxc4 8. Bxc4
b5 9. Bd3 Bb7 10. O-O Nbd7 11. Rc1 a6 12. Bxf6 Nxf6 13. Ne4 Rc8 14. Nc5 Bxc5
15. Rxc5 Nd7 16. Rh5 g6 17. Ng5 Nf6 18. Rh3 c5 19. f4 Kg7 20. Qe1 h6 21. Qg3
hxg5 22. fxg5 Nd7 23. dxc5 Qe7 24. Bb1 e5 25. b4 Rh8 26. a3 Rxh3 27. Qxh3 Qxg5
28. Rxf7+ Kxf7 29. Qxd7+ Kg8 30. Ba2+ Kh8 31. Qh3+ Kg7 32. Qd7+ Kh6 33. Qh3+
Qh5 34. Qd7 Rf8 35. h3 Bxg2 0-1

[Event "OLNW 1718 SV Hellern - HSK Lister Turm"]
[Site "?"]
[Date "2018.03.18"]
[Round "8.1"]
[White "Buchenau, Frank"]
[Black "Lingnau, Carsten"]
[Result "1-0"]
[WhiteElo "2261"]
[BlackElo "2426"]
[PlyCount "99"]
[EventDate "2018.??.??"]

1. e4 e5 2. Nf3 Nc6 3. Bc4 Bc5 4. O-O Nf6 5. d3 O-O 6. Re1 d6 7. c3 h6 8. h3 a6
9. Bb3 Re8 10. Nbd2 Be6 11. Bxe6 Rxe6 12. b4 Ba7 13. Qc2 Qd7 14. a4 d5 15. Nb3
Ne7 16. Be3 Bxe3 17. Rxe3 b6 18. a5 Ng6 19. c4 d4 20. Ree1 Nh5 21. Kh2 Qe7 22.
b5 axb5 23. cxb5 bxa5 24. Nxa5 Qd7 25. Nc6 Rae8 26. g3 Nf6 27. Kg2 Nh5 28. Kh2
Nf6 29. Ra7 Nh7 30. Rc1 Rf6 31. Qe2 Ng5 32. Nxg5 hxg5 33. Nb4 Qxb5 34. Nd5 c6
35. Nc7 Qb8 36. Nxe8 Qxe8 37. Rca1 Rd6 38. Qg4 Nf8 39. Qxg5 Nh7 40. Ra8 Nxg5
41. Rxe8+ Kh7 42. h4 Ne6 43. Re7 f6 44. Ra6 Kh6 45. Kh3 Nc5 46. Ra8 Kg6 47. h5+
Kxh5 48. Rxg7 f5 49. exf5 Nxd3 50. Rh8+ 1-0

[Event "OLNW 1718 SV Hellern - HSK Lister Turm"]
[Site "?"]
[Date "2018.03.18"]
[Round "8.2"]
[White "Ewert, Hannes"]
[Black "Petkidis, Anthony"]
[Result "1-0"]
[WhiteElo "2343"]
[BlackElo "2314"]
[PlyCount "127"]
[EventDate "2018.??.??"]

1. d4 d5 2. Nf3 Nf6 3. c4 dxc4 4. Qa4+ c6 5. Qxc4 Bg4 6. Nc3 Nbd7 7. e4 Bxf3 8.
gxf3 e5 9. Be3 Bd6 10. O-O-O Qc7 11. dxe5 Bxe5 12. Bh3 O-O 13. Bxd7 Nxd7 14.
Nb5 cxb5 15. Qxc7 Bxc7 16. Rxd7 Rac8 17. Kb1 a6 18. h3 Rfd8 19. Rhd1 h5 20.
R1d5 Rxd7 21. Rxd7 b6 22. f4 Kf8 23. f5 Ke8 24. Rd1 Bd8 25. Rg1 Kf8 26. Bd4 f6
27. Rd1 Be7 28. b3 Rc6 29. f3 Ba3 30. Bb2 Bxb2 31. Kxb2 Ke7 32. Rg1 Kf7 33. Rc1
Rc5 34. Rd1 Ke7 35. Rd4 Rc8 36. a3 Rg8 37. Rd5 Rc8 38. Rd3 Rg8 39. f4 Ra8 40.
Rg3 Rg8 41. Kc3 Kf7 42. e5 Rd8 43. Rd3 Rc8+ 44. Kd4 g6 45. fxg6+ Kxg6 46. Ke4
fxe5 47. fxe5 Kf7 48. Kf5 Ke7 49. Rg3 Rc6 50. h4 a5 51. Kg5 b4 52. axb4 axb4
53. Kxh5 Rc3 54. Kg4 Ke6 55. Kf4 Kd5 56. h5 Rxg3 57. Kxg3 Kxe5 58. Kg4 Kf6 59.
Kf4 Kg7 60. Ke4 Kh6 61. Kd4 Kxh5 62. Kc4 Kg5 63. Kxb4 Kf5 64. Kb5 1-0

[Event "OLNW 1718 SV Hellern - HSK Lister Turm"]
[Site "?"]
[Date "2018.03.18"]
[Round "8.3"]
[White "Voege, Tobias"]
[Black "Happe, Reinhold"]
[Result "1-0"]
[WhiteElo "2226"]
[BlackElo "2139"]
[PlyCount "87"]
[EventDate "2018.??.??"]

1. d4 d5 2. c4 c6 3. cxd5 cxd5 4. Nc3 Nf6 5. f3 Bf5 6. Bg5 Nbd7 7. Qb3 Qb6 8.
Qxb6 Nxb6 9. e4 dxe4 10. Bb5+ Bd7 11. Bxf6 gxf6 12. Bxd7+ Kxd7 13. fxe4 Rg8 14.
g3 Nc4 15. Nge2 Bh6 16. O-O Rg4 17. h3 Rgg8 18. b3 Nb6 19. Rad1 Rac8 20. Rd3 a6
21. g4 Rg6 22. e5 Bg5 23. Ng3 Rxc3 24. Rxc3 Nd5 25. Rcf3 Be3+ 26. Kh2 Bxd4 27.
Rd1 fxe5 28. Rxf7 Rc6 29. Rd2 Ke6 30. Rxh7 Be3 31. Re2 Bf4 32. Kg2 Rc1 33. Nf5
Bg5 34. Kh2 Bf4+ 35. Kg2 Bg5 36. h4 Nf4+ 37. Kf2 Nxe2 38. hxg5 Nf4 39. Rxe7+
Kd5 40. Rd7+ Ke6 41. Rd6+ Kf7 42. Rf6+ Kg8 43. g6 Rc7 44. Rd6 1-0

[Event "OLNW 1718 SV Hellern - HSK Lister Turm"]
[Site "?"]
[Date "2018.03.18"]
[Round "8.4"]
[White "Weist, Thorben"]
[Black "Hoerstmann, Rudi"]
[Result "1/2-1/2"]
[WhiteElo "2077"]
[BlackElo "2227"]
[PlyCount "43"]
[EventDate "2018.??.??"]

1. e4 g6 2. d4 Bg7 3. Nc3 a6 4. Nf3 b5 5. Bd3 d6 6. Be3 Bb7 7. O-O Nd7 8. a4 b4
9. Ne2 c5 10. c3 Ngf6 11. Ng3 cxd4 12. cxd4 a5 13. h3 O-O 14. Rc1 Rc8 15. Rxc8
Qxc8 16. Qb1 Nb6 17. Rc1 Qb8 18. b3 d5 19. e5 Nfd7 20. h4 Rc8 21. h5 Nf8 22.
Rxc8 1/2-1/2

[Event "OLNW 1718 SV Hellern - HSK Lister Turm"]
[Site "?"]
[Date "2018.03.18"]
[Round "8.5"]
[White "Hampel, Felix"]
[Black "Bade, Hans-Juergen"]
[Result "1-0"]
[WhiteElo "2193"]
[BlackElo "1998"]
[PlyCount "33"]
[EventDate "2018.??.??"]

1. c4 Nf6 2. Nf3 e6 3. d4 b6 4. g3 Bb7 5. Bg2 Bb4+ 6. Nbd2 O-O 7. O-O a5 8. Qc2
d5 9. Ne5 Bxd2 10. Bxd2 Ne4 11. Be3 Na6 12. a3 f6 13. Nd3 dxc4 14. Nf4 e5 15.
dxe5 fxe5 16. Ne6 Qd5 17. Ng5 1-0

[Event "OLNW 1718 SV Hellern - HSK Lister Turm"]
[Site "?"]
[Date "2018.03.18"]
[Round "8.7"]
[White "Gentemann, Moritz"]
[Black "Rein, Joachim"]
[Result "1-0"]
[WhiteElo "2181"]
[BlackElo "1946"]
[PlyCount "111"]
[EventDate "2018.??.??"]

1. c4 e6 2. g3 d5 3. Bg2 c6 4. Nf3 f5 5. O-O Nf6 6. d3 Be7 7. b3 O-O 8. Bb2 Qe8
9. Nbd2 Nbd7 10. Qc2 Qh5 11. e4 fxe4 12. dxe4 Ng4 13. h3 Nh6 14. e5 Nf7 15.
Rfe1 Nb6 16. Rad1 Bd7 17. c5 Nc8 18. b4 Ng5 19. Nxg5 Bxg5 20. Nb3 Ne7 21. Qe2
Qxe2 22. Rxe2 Nf5 23. Kh2 h5 24. h4 Bh6 25. Bh3 Rae8 26. Bc1 Bxc1 27. Rxc1 Nh6
28. f4 Re7 29. a4 a6 30. Nd4 g6 31. Rb2 Ra8 32. Kg2 Kg7 33. Kf2 Rf8 34. Ke3 Ra8
35. Ra1 Kf7 36. Rba2 Nf5+ 37. Nxf5 exf5 38. Bf1 Be8 39. Kd4 Ke6 40. Bg2 Bd7 41.
b5 a5 42. Rb2 Ree8 43. Rab1 Rec8 44. bxc6 Bxc6 45. Rb6 Rd8 46. Bf1 Rdc8 47. Bb5
Rc7 48. Bxc6 bxc6 49. Rb8 Raa7 50. R1b6 Ke7 51. Rg8 Kf7 52. Rd8 Rab7 53. Rd6
Kg7 54. Rdxc6 Rxc6 55. Rxb7+ Kf8 56. Kxd5 1-0

[Event "OLNW 1718 SK Nordhorn Blanke - SV Linge"]
[Site "?"]
[Date "2018.03.18"]
[Round "8.1"]
[White "Epishin, Vladimir"]
[Black "Kroeze, Frank M"]
[Result "1/2-1/2"]
[WhiteElo "2551"]
[BlackElo "2381"]
[PlyCount "94"]
[EventDate "2018.??.??"]

1. d4 d5 2. c4 dxc4 3. e4 Nc6 4. Nf3 Bg4 5. Bxc4 e6 6. Bb5 Bxf3 7. gxf3 Bb4+ 8.
Nc3 Nge7 9. a3 Bxc3+ 10. bxc3 O-O 11. O-O Ng6 12. Kh1 Qh4 13. Qe2 e5 14. d5
Nce7 15. Rg1 Nf4 16. Bxf4 Qxf4 17. Rg4 Qf6 18. f4 Ng6 19. fxe5 Nxe5 20. Rg3 c6
21. Ba4 Rad8 22. Bb3 Rfe8 23. Qe3 Re7 24. Rag1 Ng6 25. dxc6 Qxc6 26. Bd5 Qf6
27. Qxa7 b6 28. Qa6 Qxf2 29. Qd3 Kh8 30. Rf1 Qc5 31. c4 Ne5 32. Qe2 Qd4 33. Rd1
Qc5 34. Rdg1 g6 35. Rh3 Qd4 36. Rd1 Qc5 37. Rf1 Qd4 38. Qe1 f6 39. Rxf6 Nxc4
40. Qh4 Ne3 41. Rxe3 Qxe3 42. Rf1 Rde8 43. Qf6+ Rg7 44. Qf8+ Rg8 45. Qf6+ Rg7
46. Qf8+ Rg8 47. Qf6+ Rg7 1/2-1/2

[Event "OLNW 1718 SK Nordhorn Blanke - SV Linge"]
[Site "?"]
[Date "2018.03.18"]
[Round "8.2"]
[White "Bertholee, Rob"]
[Black "Kveinys, Aloyzas"]
[Result "0-1"]
[WhiteElo "2332"]
[BlackElo "2511"]
[PlyCount "84"]
[EventDate "2018.??.??"]

1. e4 c5 2. Nc3 e6 3. Nf3 a6 4. g3 Nc6 5. Bg2 g5 6. d3 h6 7. Be3 d6 8. h4 g4 9.
Nh2 h5 10. f3 gxf3 11. Bxf3 Nf6 12. Bg5 Be7 13. O-O Ne5 14. Bxf6 Bxf6 15. Kh1
Bd7 16. Ne2 Nxf3 17. Rxf3 Bxb2 18. Rb1 Be5 19. Rxb7 f5 20. Nf4 Qc8 21. Rb6 Qc7
22. Rb1 Rg8 23. Re3 O-O-O 24. c3 Bxf4 25. gxf4 Bc6 26. Nf3 fxe4 27. dxe4 Qf7
28. Qf1 Qxf4 29. Qxa6+ Kd7 30. Qa7+ Ke8 31. Qh7 Qg4 32. Ng5 Qxh4+ 33. Nh3 Rg3
34. Qh8+ Kd7 35. Qh7+ Kc8 36. Rxg3 Bxe4+ 37. Kh2 Bxh7 38. Re1 Bf5 39. Kg1 Qxg3+
40. Kf1 Bd3+ 41. Re2 Rf8+ 42. Nf2 Qxf2# 0-1

[Event "OLNW 1718 SK Nordhorn Blanke - SV Linge"]
[Site "?"]
[Date "2018.03.18"]
[Round "8.3"]
[White "Milanovic, Danilo"]
[Black "Elgersma, Simon"]
[Result "1/2-1/2"]
[WhiteElo "2488"]
[BlackElo "2257"]
[PlyCount "157"]
[EventDate "2018.??.??"]

1. d4 Nf6 2. Bf4 g6 3. Nc3 d5 4. e3 Bg7 5. Be2 O-O 6. h4 h5 7. Nf3 c5 8. Ne5
cxd4 9. exd4 Nc6 10. Qd2 Bf5 11. f3 Qb6 12. Nxc6 Qxc6 13. Be5 Rac8 14. O-O-O a6
15. Bd3 Bxd3 16. Qxd3 b5 17. Kb1 b4 18. Ne2 Qc4 19. Nf4 a5 20. g4 Qxd3 21. Rxd3
hxg4 22. Bxf6 Bxf6 23. fxg4 Rfd8 24. g5 Bg7 25. h5 gxh5 26. Rxh5 Rc4 27. Ne2
Rd6 28. Kc1 Re6 29. b3 Rc8 30. Nf4 Re1+ 31. Rd1 Re4 32. Nxd5 Rd8 33. Nb6 Rdxd4
34. Rg1 Rg4 35. Rxg4 Rxg4 36. Kd2 Bc3+ 37. Kd3 Rd4+ 38. Ke3 Rd2 39. g6 fxg6 40.
Rxa5 Rxc2 41. Nd5 e6 42. Nf4 Kf7 43. Ra7+ Kf6 44. Ra6 Kf5 45. Nxe6 g5 46. Nxg5
Kxg5 47. a3 Kf5 48. axb4 Be5 49. Ra8 Rc3+ 50. Kd2 Rxb3 51. Re8 Ke4 52. Kc2 Rxb4
53. Kc1 Kd4 54. Kc2 Rb5 55. Rd8+ Ke4 56. Re8 Rb2+ 57. Kc1 Rh2 58. Re7 Kd4 59.
Re8 Kc3 60. Kd1 Bd4 61. Re2 Rh1+ 62. Re1 Rh2 63. Re2 Rh8 64. Rc2+ Kb3 65. Rc7
Rh2 66. Ke1 Bc3+ 67. Kf1 Kc2 68. Rd7 Kb3 69. Rc7 Bd4 70. Rc8 Kb4 71. Ke1 Bc5
72. Rc7 Kc4 73. Rc8 Kd4 74. Kf1 Kd5 75. Re8 Rf2+ 76. Ke1 Ra2 77. Kf1 Rf2+ 78.
Ke1 Ra2 79. Kf1 1/2-1/2

[Event "OLNW 1718 SK Nordhorn Blanke - SV Linge"]
[Site "?"]
[Date "2018.03.18"]
[Round "8.4"]
[White "Plasman, Hans"]
[Black "Gutman, Lev"]
[Result "0-1"]
[WhiteElo "2201"]
[BlackElo "2410"]
[PlyCount "100"]
[EventDate "2018.??.??"]

1. c4 Nf6 2. Nc3 g6 3. e4 Bg7 4. d4 O-O 5. Be2 c6 6. Bg5 d5 7. exd5 cxd5 8.
Bxf6 Bxf6 9. Nxd5 Bg7 10. Nf3 Nc6 11. O-O Bg4 12. Ne3 Bxf3 13. Bxf3 Nxd4 14.
Rb1 Qc7 15. Re1 e6 16. b4 Rfd8 17. c5 a5 18. a3 axb4 19. axb4 Nb5 20. Qb3 Ra3
21. Qc4 Nd4 22. Bd1 Qf4 23. g3 Qe4 24. Rc1 Bh6 25. Rc3 Ra1 26. Rc1 Bxe3 27.
fxe3 Rxc1 28. Qxc1 Nc6 29. b5 Ne5 30. Be2 Qb4 31. c6 bxc6 32. bxc6 Nxc6 33. Rd1
Rxd1+ 34. Qxd1 Ne5 35. Kf2 Kg7 36. Kg2 Kf8 37. Kg1 h5 38. Kf1 Qe4 39. Kf2 h4
40. Qd4 hxg3+ 41. hxg3 Qxd4 42. exd4 Nc6 43. Ke3 Ke8 44. Bc4 Ne7 45. Kf4 Nf5
46. d5 Nd6 47. Bb3 e5+ 48. Kg4 Nf5 49. Ba2 Ke7 50. Kf3 Kd6 0-1

[Event "OLNW 1718 SK Nordhorn Blanke - SV Linge"]
[Site "?"]
[Date "2018.03.18"]
[Round "8.5"]
[White "Kollen, Zyon"]
[Black "Oehne, Timo"]
[Result "1-0"]
[WhiteElo "2311"]
[BlackElo "2138"]
[PlyCount "85"]
[EventDate "2018.??.??"]

1. e4 c5 2. Nf3 Nc6 3. d4 cxd4 4. Nxd4 e5 5. Nb5 d6 6. c4 Nf6 7. N1c3 a6 8. Na3
Be7 9. Nc2 O-O 10. Bd3 Bg4 11. f3 Be6 12. Nd5 Rc8 13. Be3 Nd7 14. Qd2 Nc5 15.
Be2 a5 16. O-O f5 17. exf5 Bxf5 18. Nxe7+ Qxe7 19. Bf2 Ne6 20. Ne3 Nf4 21. Nd5
Nxe2+ 22. Qxe2 Qg5 23. b3 Rfe8 24. Be3 Qg6 25. Qd2 h5 26. Rad1 Bc2 27. Rc1 Bf5
28. Rfd1 h4 29. Nb6 Rcd8 30. Bg5 Nd4 31. Kh1 h3 32. Bxd8 Rxd8 33. Nd5 Kf7 34.
Rg1 Rh8 35. Rcf1 Bd3 36. Rf2 Qf5 37. Ne3 Qh7 38. gxh3 Ke6 39. Rg3 Rf8 40. Kg1
e4 41. fxe4 Rxf2 42. Kxf2 Qxe4 43. Nd5 1-0

[Event "OLNW 1718 SK Nordhorn Blanke - SV Linge"]
[Site "?"]
[Date "2018.03.18"]
[Round "8.6"]
[White "Bierenbroodspot, Paul"]
[Black "Gazic, Josip"]
[Result "1/2-1/2"]
[WhiteElo "2073"]
[BlackElo "2217"]
[PlyCount "60"]
[EventDate "2018.??.??"]

1. e4 d6 2. d4 Nf6 3. Bd3 Nc6 4. c3 e5 5. Ne2 Be7 6. O-O O-O 7. d5 Nb8 8. c4
Na6 9. Nbc3 Bd7 10. a3 Nc5 11. Bc2 a5 12. b3 b6 13. Rb1 Nh5 14. b4 axb4 15.
axb4 Nb7 16. Be3 Bg5 17. Qd2 Bxe3 18. Qxe3 h6 19. Ra1 Qf6 20. Ba4 Bxa4 21. Nxa4
Nf4 22. Nac3 Rfc8 23. Nb5 Nxe2+ 24. Qxe2 c5 25. dxc6 Rxa1 26. Rxa1 Rxc6 27.
Ra8+ Kh7 28. Na7 Rc7 29. Nb5 Rc6 30. Na7 Rc7 1/2-1/2

[Event "OLNW 1718 SK Nordhorn Blanke - SV Linge"]
[Site "?"]
[Date "2018.03.18"]
[Round "8.7"]
[White "Milosevic, Aleksandar"]
[Black "Bos, Robin"]
[Result "1/2-1/2"]
[WhiteElo "2259"]
[BlackElo "1975"]
[PlyCount "36"]
[EventDate "2018.??.??"]

1. Nf3 c5 2. c4 g6 3. d4 cxd4 4. Nxd4 Bg7 5. e4 d6 6. Nc3 Nf6 7. Be2 O-O 8. O-O
Nc6 9. Be3 Nxd4 10. Bxd4 Be6 11. b3 Qa5 12. f4 a6 13. f5 Bd7 14. Kh1 Bc6 15.
Nd5 Bxd5 16. exd5 Nd7 17. Bxg7 Kxg7 18. Qd4+ Ne5 1/2-1/2